000 00667nam a2200229Ia 4500
003 OSt
005 20220923220853.0
006 a|||||r|||| 00| 0
007 ta
008 220922b |||||||| |||| 00| 0 hin d
024 _a191,699
037 _cTextual
040 _aARTS
_cARTS
_bhin
041 _2hin
_ahin
082 _aV2'D3, 152G4
100 _aनारंग, जयचंद
_9156290
245 0 _aभारतीय इतिहास की रूपरेखा
246 _aBhāratīya itihās kī rūparekhā
260 _c1934
942 _hV2'D3, 152G4
_cTEXL
_2CC
999 _c344355
_d344355